000 00631nam a22002177a 4500
003 UA-OsUOA
001 118722
007 ta
008 20160913b un ||||| |||| 00| 0 ukr d
100 _aКарасьова Н.А.
090 _a3309477)
_bК21
942 _cSA
040 _aUA-OsUOA
_bukr
_cUA-OsUOA
_dUA-OsUOA
245 _aВектори експортних потоків аграрного сектору України
300 _aС.41-49
955 _a0
041 _aukr
080 _a3309477)
773 0 _w118720
_tЕкономіка АПК
_dК.
_d2016
_g8
650 7 _a330 Економіка взагалі
_2UDC
999 _c404818
_d404818